Serigala yang dungu

Bibliographic Details
Format: Book
Published: Selangor : Early Learner Publications
Subjects:

MARC

LEADER 00000cam a2200000 7i4500
001 0000004967
005 20151222.0
008 070731
020 |a 9833326544 
090 0 0 |a JF   |b MOR JAW (6062) 
245 0 0 |a Serigala yang dungu 
260 |a Selangor :   |b Early Learner Publications 
500 |a Children ages 7-9 years old (orange) 
650 0 |a Jawi 
999 |a 0000978879   |b Book   |c Children Collection   |e Cawangan Taman Universiti 
999 |a 0000978880   |b Book   |c Children Collection   |e Cawangan Taman Universiti 
999 |a 0000978881   |b Book   |c Children Collection   |e Cawangan Tmn. Ungku Tun Aminah 
999 |a 0001149302   |b Book   |c Children Collection   |e Cawangan Tangkak 
999 |a 0001149303   |b Book   |c Children Collection   |e Cawangan Bandar Tenggara